Duodenopancreatic involvement in MEN1 (notice n° 1671494)

détails MARC
000 -LEADER
fixed length control field 01751cam a2200241 4500500
005 - DATE AND TIME OF LATEST TRANSACTION
control field 20260301000428.0
041 ## - LANGUAGE CODE
Language code of text/sound track or separate title fre
042 ## - AUTHENTICATION CODE
Authentication code dc
100 10 - MAIN ENTRY--PERSONAL NAME
Personal name Caillé, Sarah
Relator term author
245 00 - TITLE STATEMENT
Title Duodenopancreatic involvement in MEN1
260 ## - PUBLICATION, DISTRIBUTION, ETC.
Date of publication, distribution, etc. 2022.<br/>
500 ## - GENERAL NOTE
General note 63
520 ## - SUMMARY, ETC.
Summary, etc. Multiple endocrine neoplasia type 1 (MEN1) is a rare, hereditary, autosomal dominant disease. It is characterized by the presence of cell hyperplasia or tumors of the endocrine system: parathyroid, duodenopancreatic, thymic, and bronchial neuroendocrine tumors (NETs), and pituitary and adrenal adenomas. Duodenopancreatic involvement is common and accounts for 60% of the causes of death from MEN1. Duodenopancreatic NETs can be functional or non-functional, benign or malignant. The most common functional duodenopancreatic NETs are gastrinomas and insulinomas. Patients with MEN1 require multidisciplinary management (gastroenterologist, endocrinologist, pathologist, radiologist, nuclear physician, surgeon) in an expert center and lifelong follow-up. Failure to diagnose MEN1 is a missed opportunity for patients and their families. This review focuses on duodenopancreatic NETs in MEN1, specifically their diagnostic and therapeutic management.
700 10 - ADDED ENTRY--PERSONAL NAME
Personal name Brixi, Hedia
Relator term author
700 10 - ADDED ENTRY--PERSONAL NAME
Personal name Perrier, Marine
Relator term author
700 10 - ADDED ENTRY--PERSONAL NAME
Personal name de Mestier, Louis
Relator term author
700 10 - ADDED ENTRY--PERSONAL NAME
Personal name Le Collen, Lauriane
Relator term author
700 10 - ADDED ENTRY--PERSONAL NAME
Personal name Deguelte, Sophie
Relator term author
700 10 - ADDED ENTRY--PERSONAL NAME
Personal name Delemer, Brigitte
Relator term author
700 10 - ADDED ENTRY--PERSONAL NAME
Personal name Cadiot, Guillaume
Relator term author
786 0# - DATA SOURCE ENTRY
Note Hépato-Gastro & Oncologie Digestive | 29 | 1 | 2022-01-01 | p. 12-23 | 2115-3310
856 41 - ELECTRONIC LOCATION AND ACCESS
Uniform Resource Identifier <a href="https://stm.cairn.info/journal-hepato-gastro-oncologie-digestive-2022-1-page-12?lang=en&redirect-ssocas=7080">https://stm.cairn.info/journal-hepato-gastro-oncologie-digestive-2022-1-page-12?lang=en&redirect-ssocas=7080</a>

Pas d'exemplaire disponible.

PLUDOC

PLUDOC est la plateforme unique et centralisée de gestion des bibliothèques physiques et numériques de Guinée administré par le CEDUST. Elle est la plus grande base de données de ressources documentaires pour les Étudiants, Enseignants chercheurs et Chercheurs de Guinée.

Adresse

627 919 101/664 919 101

25 boulevard du commerce
Kaloum, Conakry, Guinée

Réseaux sociaux

Powered by Netsen Group @ 2025